00337nam a2200109Ia 4500008004000000082001700040100003400057245003300091260004000124300001300164650005000177210210b1966 xxu||||| |||| 00| 0 eng d a813.008 MORO aMOREHEAD (Albert H) & others. aOne hundred American novels. aN YbThe New American Libraryc1966 axiii,657 aAmerican Novels Writers Novelists Biographies